100 Biggest Cities of Belgium on a Map - Statistics

General Stats
  • This quiz has been taken 944 times
  • The average score is 38 of 100
Answers on the Map
Answers color-coded by a green-red scale on the quiz's map according to % correct below.
 
Answer Stats
Population City % Correct
544,759 Antwerpen (Antwerp)
98%
196,828 Bruxelles (Brussels)
96%
195,778 Liège (Luik)
93%
119,869 Brugge (Bruges)
92%
269,597 Gent (Ghent)
92%
204,322 Charleroi
89%
72,586 Oostende (Ostend)
78%
104,009 Leuven (Louvain)
76%
114,142 Namur (Namen)
76%
67,877 Genk
74%
96,358 Mons (Bergen)
72%
80,032 Kortrijk (Courtrai)
69%
126,581 Anderlecht
67%
89,313 Mechelen (Malines)
66%
35,755 Asse
60%
38,534 Mol
58%
90,995 Aalst (Alost)
56%
81,863 Sint-Niklaas
55%
80,828 Hasselt
54%
68,554 Tournai (Doornik)
54%
32,514 Knokke-Heist
52%
35,550 Ieper (Ypres)
51%
98,365 Molenbeek-Saint-Jean
51%
31,310 Arlon (Aarlen)
50%
59,987 Mouscron (Moeskroen)
48%
130,405 Schaerbeek
48%
81,241 La Louvière
47%
66,262 Roeselare (Roulers)
45%
47,305 Turnhout
43%
43,554 Lokeren
42%
41,469 Sint-Truiden
42%
55,770 Verviers
42%
30,596 Waterloo
42%
39,997 Waregem
41%
42,595 Halle (Hal)
40%
35,558 Wavre (Waver)
40%
64,266 Seraing
39%
36,676 Zaventem
39%
42,331 Geel
38%
89,278 Ixelles (Elsene)
38%
30,048 Ath (Aat)
36%
47,185 Dendermonde (Termonde)
36%
38,210 Lier (Lierre)
36%
40,219 Maasmechelen
35%
86,806 Uccle (Ukkel)
35%
50,838 Beveren
34%
32,138 Tongeren (Tongres)
33%
47,445 Vilvoorde (Vilvorde)
33%
34,913 Lommel
32%
40,363 Ninove
32%
49,293 Saint-Gilles
31%
36,581 Tienen
31%
45,471 Deinze
30%
44,505 Heist-op-den-Berg
29%
29,070 Nivelles (Nijvel)
29%
32,702 Oudenaarde (Audenarde)
29%
31,138 Aarschot
28%
58,044 Forest (Vorst)
28%
28,865 Herentals
28%
54,107 Jette
28%
34,999 Geraardsbergen (Grammont)
27%
27,356 Ronse (Renaix)
27%
31,884 Wevelgem
27%
29,787 Aalter
26%
48,353 Beringen
25%
38,470 Brasschaat
25%
34,417 Menen (Menin)
25%
34,641 Schoten
25%
44,878 Dilbeek
24%
29,904 Harelbeke
24%
34,433 Pelt
24%
32,782 Bilzen
23%
49,775 Etterbeek
23%
29,227 Izegem
23%
31,648 Ottignies-Louvain-la-Neuve
23%
60,771 Woluwe-Saint-Lambert
23%
42,571 Woluwe-Saint-Pierre
23%
39,860 Grimbergen
22%
40,814 Herstal
22%
31,271 Temse (Tamise)
22%
28,085 Zottegem
22%
36,860 Evergem
21%
27,782 Kapellen
21%
28,989 Ans
20%
33,651 Binche
20%
40,461 Braine-l'Alleud (Eigenbrakel)
20%
45,234 Evere
20%
30,610 Brecht
19%
35,017 Heusden-Zolder
19%
28,248 Willebroek
19%
35,350 Auderghem (Oudergem)
18%
36,525 Sint-Pieters-Leeuw
18%
28,381 Tubize (Tubeke)
18%
35,595 Châtelet
17%
30,896 Houthalen-Helchteren
17%
27,225 Lievegem
16%
29,032 Soignies (Zinnik)
16%
28,187 Andenne
15%
31,337 Courcelles
15%
28,615 Sambreville
15%
No matching quizzes found
Score Distribution
Percent of People with Each Score
Percentile by Number Answered
Your Score History
You have not taken this quiz